Návrh kolesovej jednotky prívesu pre elektromobilitu

Salvato in:
Dettagli Bibliografici
Autore principale: Slušný, Erik (Autore)
Altri autori: Margetin, Matúš (Relatore della tesi)
Natura: Manoscritto Libro
Lingua:slovacco
Pubblicazione: 2018
Soggetti:
Accesso online:http://is.stuba.sk/zp/portal_zp.pl?podrobnosti=125993
Tags: Aggiungi Tag
Nessun Tag, puoi essere il primo ad aggiungerne!!

MARC

LEADER 00000ntm a22000003a 4500
001 stuzp70708
003 SK-STU
005 20180820162156.2
007 ta
008 150427s2015----xo-----f-mn---000-0-slo-d
040 |a STU  |b slo 
041 0 |a slo 
100 1 |a Slušný, Erik  |u 020010  |4 aut  |U SjF Strojnícka fakulta  |T SjF Ústav aplikovanej mechaniky a mechatroniky  |X 81698  |U J0010  |Y 801  |7 81698 
242 0 1 |a Design of a wheel unit for trailer pulled by electric car  |y eng 
245 1 0 |a Návrh kolesovej jednotky prívesu pre elektromobilitu 
260 |c 2018 
650 4 |a planétová prevodovka  |2 slo 
650 4 |a guľôčkové ložisko  |2 slo 
650 4 |a jemné drážkovanie  |2 slo 
650 4 |a kolesová jednotka  |2 slo 
650 4 |a brzdový bubon  |2 slo 
650 4 |a wheel unit  |2 eng 
650 4 |a planetary gearbox  |2 eng 
650 4 |a antifriction bearing  |2 eng 
650 4 |a brake drum  |2 eng 
650 4 |a splining  |2 eng 
700 1 |a Margetin, Matúš  |u 020010  |k Z2  |4 ths  |U SjF Strojnícka fakulta  |T SjF Ústav aplikovanej mechaniky a mechatroniky  |X 14278  |U J0010  |Y 801  |7 A000014278 
856 4 |u http://is.stuba.sk/zp/portal_zp.pl?podrobnosti=125993 
996 |b 284J046867  |c J* 3367/DBP  |l JJSK  |s A  |a 24  |w stuzp70708_0001